000
00418nam a2200145Ia 4500
008
100122s9999 xx 000 0 und d
082
_b
57622
_a
823
100
_a
नायक श्रीकांत
245
_a
यज्ञकुंड
260
_b
मनोरमा प्रकाशन
_c
2000
300
_a
303
630
_a
यज्ञकुंड
730
_a
यज्ञकुंड
942
_c
BOOK
999
_c
433790
_d
433787